Information security and it risk management / (Record no. 195633)

MARC details
000 -LEADER
fixed length control field 00815nam a2200253Ia 4500
003 - CONTROL NUMBER IDENTIFIER
control field OSt
005 - DATE AND TIME OF LATEST TRANSACTION
control field 20251030162558.0
008 - FIXED-LENGTH DATA ELEMENTS--GENERAL INFORMATION
fixed length control field 210716s2016 xx 000 0 und d
020 ## - INTERNATIONAL STANDARD BOOK NUMBER
International Standard Book Number 9788126556809
040 ## - CATALOGING SOURCE
Transcribing agency AIMIT LIBRARY
041 ## - LANGUAGE CODE
Language code of text/sound track or separate title eng
082 ## - DEWEY DECIMAL CLASSIFICATION NUMBER
Classification number 005.8
Edition number 1
Item number AGRM
100 ## - MAIN ENTRY--PERSONAL NAME
Personal name Agrawal, Manish.
9 (RLIN) 243288
245 ## - TITLE STATEMENT
Title Information security and it risk management /
Statement of responsibility, etc. By Manish Agrawal, Alex Campoe and Eric Pierce.
250 ## - EDITION STATEMENT
Edition statement 1st ed.
260 ## - PUBLICATION, DISTRIBUTION, ETC.
Place of publication, distribution, etc. New Delhi :
Name of publisher, distributor, etc. Wiley India Pvt Ltd ,
Date of publication, distribution, etc. 2016.
300 ## - PHYSICAL DESCRIPTION
Extent xviii,414p. ;
Other physical details PB
Dimensions 24 cm
650 ## - SUBJECT ADDED ENTRY--TOPICAL TERM
Topical term or geographic name entry element System administration
9 (RLIN) 243289
650 ## - SUBJECT ADDED ENTRY--TOPICAL TERM
Topical term or geographic name entry element Identity and access management
9 (RLIN) 243290
650 ## - SUBJECT ADDED ENTRY--TOPICAL TERM
Topical term or geographic name entry element Hardware and software controls
9 (RLIN) 243291
700 ## - ADDED ENTRY--PERSONAL NAME
Personal name Campoe, Alex.
9 (RLIN) 243292
700 ## - ADDED ENTRY--PERSONAL NAME
Personal name Pierce, Eric.
9 (RLIN) 243293
942 ## - ADDED ENTRY ELEMENTS (KOHA)
Source of classification or shelving scheme Dewey Decimal Classification
Koha item type Book
Edition 1st
Call number prefix 005.8 AGRM
Holdings
Withdrawn status Lost status Source of classification or shelving scheme Damaged status Not for loan Collection code Home library Current library Date acquired Source of acquisition Cost, normal purchase price Inventory number Total Checkouts Full call number Barcode Date last seen Cost, replacement price Price effective from Koha item type
    Dewey Decimal Classification     MCA St Aloysius Institute of Management & Information Technology St Aloysius Institute of Management & Information Technology 03/01/2017 Knowledge World 599.00 Bill no:318; Bill dt:2017-02-10   005.8 AGRM MCA15144 05/23/2026 449.25 07/16/2021 Book